Fußball: Deutsche Vizemeister - Statistiken

Allgemein
  • Dieses Quiz wurde 4.949 mal gespielt
    1.001 seit der letzten Aktualisierung
  • Das Durchschnittsergebnis liegt bei 86 aus 113
Antwortstatistiken
Saison Meister Zweiter % Korrekt
1948/49 VfR Mannheim Borussia Dortmund
100%
1960/61 1. FC Nürnberg Borussia Dortmund
100%
1965/66 TSV 1860 München Borussia Dortmund
100%
1991/92 VfB Stuttgart Borussia Dortmund
100%
2012/13 Bayern München Borussia Dortmund
100%
2013/14 Bayern München Borussia Dortmund
100%
2015/16 Bayern München Borussia Dortmund
100%
2018/19 Bayern München Borussia Dortmund
100%
2019/20 Bayern München Borussia Dortmund
100%
2021/22 Bayern München Borussia Dortmund
100%
2022/23 Bayern München Borussia Dortmund
100%
1996/97 Bayern München Bayer Leverkusen
98%
1998/99 Bayern München Bayer Leverkusen
98%
1999/00 Bayern München Bayer Leverkusen
98%
2001/02 Borussia Dortmund Bayer Leverkusen
98%
2010/11 Borussia Dortmund Bayer Leverkusen
98%
2024/25 Bayern München Bayer Leverkusen
98%
1932/33 Fortuna Düsseldorf FC Schalke 04
97%
1937/38 Hannover 96 FC Schalke 04
97%
1940/41 Rapid Wien FC Schalke 04
97%
1971/72 Bayern München FC Schalke 04
97%
1976/77 Borussia Mönchengladbach FC Schalke 04
97%
2000/01 Bayern München FC Schalke 04
97%
2004/05 Bayern München FC Schalke 04
97%
2006/07 VfB Stuttgart FC Schalke 04
97%
2009/10 Bayern München FC Schalke 04
97%
2017/18 Bayern München FC Schalke 04
97%
1934/35 FC Schalke 04 VfB Stuttgart
93%
1952/53 1. FC Kaiserslautern VfB Stuttgart
93%
1978/79 Hamburger SV VfB Stuttgart
93%
2002/03 Bayern München VfB Stuttgart
93%
2023/24 Bayer Leverkusen VfB Stuttgart
93%
1967/68 1. FC Nürnberg Werder Bremen
93%
1982/83 Hamburger SV Werder Bremen
93%
1984/85 Bayern München Werder Bremen
93%
1985/86 Bayern München Werder Bremen
93%
1994/95 Borussia Dortmund Werder Bremen
93%
2005/06 Bayern München Werder Bremen
93%
2007/08 Bayern München Werder Bremen
93%
1969/70 Borussia Mönchengladbach Bayern München
91%
1970/71 Borussia Mönchengladbach Bayern München
91%
1987/88 Werder Bremen Bayern München
91%
1990/91 1. FC Kaiserslautern Bayern München
91%
1992/93 Werder Bremen Bayern München
91%
1995/96 Borussia Dortmund Bayern München
91%
1997/98 1. FC Kaiserslautern Bayern München
91%
2003/04 Werder Bremen Bayern München
91%
2008/09 VfL Wolfsburg Bayern München
91%
2011/12 Borussia Dortmund Bayern München
91%
2014/15 Bayern München VfL Wolfsburg
90%
2016/17 Bayern München RB Leipzig
89%
2020/21 Bayern München RB Leipzig
89%
1959/60 Hamburger SV 1. FC Köln
88%
1962/63 Borussia Dortmund 1. FC Köln
88%
1964/65 Werder Bremen 1. FC Köln
88%
1972/73 Bayern München 1. FC Köln
88%
1981/82 Hamburger SV 1. FC Köln
88%
1988/89 Bayern München 1. FC Köln
88%
1989/90 Bayern München 1. FC Köln
88%
1973/74 Bayern München Borussia Mönchengladbach
88%
1977/78 1. FC Köln Borussia Mönchengladbach
88%
1923/24 1. FC Nürnberg Hamburger SV
88%
1956/57 Borussia Dortmund Hamburger SV
88%
1957/58 FC Schalke 04 Hamburger SV
88%
1975/76 Borussia Mönchengladbach Hamburger SV
88%
1979/80 Bayern München Hamburger SV
88%
1980/81 Bayern München Hamburger SV
88%
1983/84 VfB Stuttgart Hamburger SV
88%
1986/87 Bayern München Hamburger SV
88%
1933/34 FC Schalke 04 1. FC Nürnberg
86%
1936/37 FC Schalke 04 1. FC Nürnberg
86%
1961/62 1. FC Köln 1. FC Nürnberg
86%
1947/48 1. FC Nürnberg 1. FC Kaiserslautern
85%
1953/54 Hannover 96 1. FC Kaiserslautern
85%
1954/55 Rot-Weiss Essen 1. FC Kaiserslautern
85%
1993/94 Bayern München 1. FC Kaiserslautern
85%
1925/26 SpVgg Fürth Hertha BSC
80%
1926/27 1. FC Nürnberg Hertha BSC
80%
1927/28 Hamburger SV Hertha BSC
80%
1928/29 SpVgg Fürth Hertha BSC
80%
1974/75 Borussia Mönchengladbach Hertha BSC
80%
1930/31 Hertha BSC TSV 1860 München
75%
1966/67 Eintracht Braunschweig TSV 1860 München
75%
1939/40 FC Schalke 04 Dresdner SC
70%
1931/32 Bayern München Eintracht Frankfurt
70%
1919/20 1. FC Nürnberg SpVgg Fürth
66%
1935/36 1. FC Nürnberg Fortuna Düsseldorf
63%
1910/11 Berliner TuFC Viktoria 1889 VfB Leipzig
62%
1913/14 SpVgg Fürth VfB Leipzig
62%
1909/10 Karlsuher FV Holstein Kiel
59%
1929/30 Hertha BSC Holstein Kiel
59%
1922/23 Hamburger SV SC Union Oberschöneweide
55%
1912/13 VfB Leipzig Duisburger SpV
44%
1955/56 Borussia Dortmund Karlsruher SC
42%
1968/69 Bayern München Alemannia Aachen
39%
1907/08 Berliner TuFC Viktoria 1889 Stuttgarter Kickers
39%
1951/52 VfB Stuttgart 1. FC Saarbrücken
32%
1942/43 Dresdner SC FV Saarbrücken
32%
1949/50 VfB Stuttgart Kickers Offenbach
31%
1958/59 Eintracht Frankfurt Kickers Offenbach
31%
1906/07 Freiburger FC Berliner TuFC Viktoria 1889
29%
1908/09 FC Phönix Karlsruhe Berliner TuFC Viktoria 1889
29%
1950/51 1. FC Kaiserslautern Preußen Münster
28%
1904/05 Berliner TuFC Union 1892 Karlsruher FV
24%
1911/12 Holstein Kiel Karlsruher FV
24%
1924/25 1. FC Nürnberg FSV Frankfurt
18%
1963/64 1. FC Köln Meidericher SV
18%
1941/42 FC Schalke 04 First Vienna FC
10%
1902/03 VfB Leipzig Deutscher FC Prag
8%
1905/06 VfB Leipzig 1. FC Pforzheim
3%
1943/44 Dresdner SC LSV Hamburg
3%
1938/39 FC Schalke 04 SK Admira Wien
3%
1920/21 1. FC Nürnberg Berliner FC Vorwärts 1890
2%
Keine übereinstimmenden Quizze gefunden
Verteilung der Resultate
Anzahl Personen mit jedem Resultat
Perzentil nach korrekt beantworteten Fragen
Ihre Resultats-Entwicklung
Sie haben dieses Quiz seit der letzten Aktualisierung nicht gespielt